000 01184nam a22003257a 4500
001 000614
003 DO-SdBNP
005 20180131150418.0
007 000614
008 161027b 1991 sp a ||||| |||| 00| 0 spa d
020 _a8427249349
040 _aBPMSU
_bspa
_cBPMSU
041 1 7 _aspa
_heng
082 _axxxx
_bxxxx
100 1 _aCarey, M. V.
240 1 0 _aThe mystery of the wandering cave man.
_lEspañol
245 1 0 _aMisterio del hombre de las cavernas /
_cpor M.V. Carey, basado en los personajes creados por Robert Arthur ; traducción de C. Peraire del Molino ; ilustraciones de R. Escolano.
260 _aBarcelona :
_bMolino,
_c1991.
300 _a176 p. :
_bil. ;
_c21 cm.
490 1 _aAlfred Hitchcock y los tres investigadores
_v34
500 _aTraducción de: The mystery of the wandering cave man
650 _aCuentos infantiles estadounidenses.
700 1 _aArthur, Robert
700 1 _aPeraire del Molino, Conchita,
_etr.
700 1 2 _aEscolano, Ramón,
_eil.
830 0 _aAlfred Hitchcock y los tres investigadores ;
_v34
942 _2ddc
_cBK
945 _aInventariado, 2018/ YL
956 _2LOPEREZ
_310
_620161028
_8BPMSU
_a00041
999 _c11713
_d11713